000 00350 a2200145 4500
999 _c11989
_d11989
003 OSt
005 20240111140717.0
008 240111b ||||| |||| 00| 0 eng d
020 _a9781559632249
082 _a307.120972
100 _a Steinitz Carl
245 _aAlternative futures for changing landscapes
260 _bIsland Press
942 _2ddc